La democracia como forma de gobierno.

Guardado en:
Formato: Deslizar
Series:Educable
Materias:
Etiquetas: Agregar Etiqueta
Sin Etiquetas, Sea el primero en etiquetar este registro!
LEADER 00944ngm a22002655g 4500
001 CEM.cems022422
008 130507b1999##################0###0#####d
005 20241101144824.0
245 0 0 |a La democracia como forma de gobierno. 
300 |a 22'. 
490 0 |a Educable 
500 |a En soporte VHS, consultar en ventanilla. 
505 0 |a Democracia: definición y antecedentes históricos. Procesos democráticos. Los golpes de Estado en la Argentina. Mecanismos democráticos. Derechos ciudadanos. La participación. 
538 |a Soporte: VHS - Norma: Pal N - Color: Si - Grabación DRD 1999 - Hitachi=3715 
082 3 0 |/ EDU 
653 |a EDUCACION CIVICA 
653 |a GOBIERNO 
653 |a ESTADO 
653 |a DEMOCRACIA 
653 |a POLITICA 
653 |a DERECHOS 
653 |a PARTICIPACION 
653 |a NIVEL PRIMARIO 
653 |a NIVEL SECUNDARIO 
859 |a CEMS  |b BIB. CEMS - Depto. Recursos Didacticos  |h 306  |i EDU  |k DRD  |p 1065.12  |t Ej.1